000 01343nam a22003017a 4500
003 OSt
005 20250403080009.0
008 240906b ||||| |||| 00| 0 eng d
040 _c0
082 _aDPer 621.317 Ie21 December 2022 v.37 n. 12 part 1&2.
100 _aYu, Chanhun.
_eauthor.
_960445
245 _aHigh efficiency bidirectional dual active bridge (dab) converter adopting boost-up function for increasing output power /
_cChanhun Yu, Sungroc Jang, Hyoungsuk Kim, Taehyun Kim, Seongho Son, Changhyun Kwon, Ilwoong Jang, and Honnyong Cha.
260 _aNew York ;
_bThe Institute of Electrical and Electronics Engineers, Inc.,
_cDecember 2022.
300 _avolume 37, pages 14678-14691,
_billustration.
500 _aIEEE Transactions on Power Electronics, v. 37 n. 12, pages 14678-14691, December 2022.
650 0 _aBidirectional operation.
_966128
650 0 _aboost-up function.
_966129
650 0 _acapacitor adding.
_966130
700 _aYu, Chanhun.
_eauthor.
_960445
700 _aJang, Sungroc.
_eauthor.
_960446
700 _aKim, Hyoungsuk.
_eauthor.
_960447
700 _aKim, Taehyun.
_eauthor.
_960448
700 _aSon, Seongho.
_eauthor.
_960449
700 _aKwon, Changhyun.
_eauthor.
_960450
700 _aJang, Ilwoong.
_eauthor.
_960451
700 _aCha, Honnyong.
_eauthor.
_960452
942 _2ddc
_cPER
999 _c21410
_d21410